000 01346nam a2200241Ia 4500
003 OSt
005 20250416092421.0
008 191128s2005 ck a gr 000 f spa d
020 _a9583385379
040 _aCO-JMCR
_cCO-JMCR
041 0 _aspa
082 _aA-N
_bMENc
100 1 _aMéndez Sandoval, Iván,
_9102
_eautor
245 1 0 _aEl cielo a tus pies, o, el mar a tus ojos /
_cIván Méndez Sandoval
260 _aBogotá :
_bEditorial Ilvana,
_c2005
300 _a139 páginas :
_bilustraciones a blanco y negro ;
_c21 cm.
500 _aIncluye datos biográficos del autor en solapa.
505 0 _aLa estación -- Ecos del cielo -- Estrellamares y salmones -- Navegante y aventurero -- Las señoras de piedras -- Penumbras de la noche -- Apuntes de clase -- Pirata de tierra
520 _a"Tonino imagina el mar, y daría lo que fuera por tenerlo a sus pies. Sus padres, Arenque y Roraima, harán lo que esté en sus manos para conseguirlo, pero enfrentan obstáculos difíciles de salvar. En medio de la abrumadora realidad cotidiana, la imaginación y la fascinación de las palabras son el único camino a nuestro alcance para ir más allá y rescatar ese niño interior, esos sueños acariciados, esas vidas posibles que llevamos dentro"
650 1 4 _aNovela Colombiana
_925
650 1 4 _aNovela amorosa
_9184
942 _2ddc
_cBK
999 _c4602
_d4602